00485pam a2200145 a 4500020002800000040000800028082002600036100002100062245004000083260003700123300003400160500009900194650002700293700001900320 a0070612498 (acidfree) : cDLC00a573 MCG 1995 A031 Or.1 aStein, Philip L.10aPhysical anthropology :bthe core / aNew York :bMcGraw-Hill,cc1995. axiv, 354 p. :bill. ;c25 cm. a"Portions of this text have been taken from Physical anthropology, fifth edition"--T.p. verso. 0aPhysical anthropology.1 aRowe, Bruce M.